Visualizzazione normale
Vista MARC
- Greco Pietro
di Personal Name
Records bibliografici associati: 2
001 - CONTROL NUMBER
- control field: 56632
003 - CONTROL NUMBER IDENTIFIER
- control field: IT-RoPau
005 - DATE AND TIME OF LATEST TRANSACTION
- control field: 20171025102800.0
008 - FIXED-LENGTH DATA ELEMENTS
- fixed length control field: 171025|| aca||aabn | a|a d
040 ## - CATALOGING SOURCE
- Original cataloging agency: IT-RoPau
- Transcribing agency: IT-RoPau
100 ## - HEADING--PERSONAL NAME
- Personal name: Greco Pietro
670 ## - SOURCE DATA FOUND
- Source citation: Work cat.: (IT-RoPau): Greco Pietro, Bioetica laica, bioetica cattolica, diverse e inconciliabili?, 2013